[Event "POL-chT 66th"]
[Site "Katowice"]
[Date "2010.09.07"]
[Round "4"]
[White "Zhigalko, Sergei"]
[Black "Wojtaszek, Radoslaw"]
[Result "0-1"]
[WhiteElo "2640"]
[BlackElo "2711"]
[Annotator "Primel,D"]
[PlyCount "94"]
[EventDate "2010.09.04"]
[EventType "team-tourn"]
[EventRounds "9"]
[EventCountry "POL"]
[SourceTitle "EXT 2016"]
[Source "ChessBase"]
[SourceDate "2015.10.08"]
[SourceVersion "1"]
[SourceVersionDate "2015.10.08"]
[SourceQuality "1"]
[WhiteTeam "Dankowice"]
[BlackTeam "Wroclaw Polonia"]
[WhiteTeamCountry "POL"]
[BlackTeamCountry "POL"]

1. e4 c6 2. d4 d5 3. e5 Bf5 4. Nf3 {C'était un duel théorique dans cette
variante d'avance puisque la table 2 a également suivi cette ligne} (4. Nd2 {
Bartel,M (2599)-Antoniewski,R (2608) POL-chT Katowice 2010 (4) 1-0}) 4... e6 5.
Be2 c5 (5... Bb4+ 6. Nbd2 Nd7 7. O-O Ba5 8. a3 (8. c3) 8... Bc7 9. c4 f6 (9...
Bg6 10. b4 Nh6 {Oleksienko,M (2541)-Eliet,N (2440) Breizh Masters 5th 2007 (5)
0-1} (10... h6 11. cxd5 cxd5 12. Nb3 Ne7 13. Be3)) 10. Nh4 Ne7 11. f4 O-O 12.
b4 a5 $132) 6. O-O (6. Be3 Qb6 7. Nc3 Nc6 (7... Qxb2 8. Nb5 $13) 8. O-O Qxb2 9.
Qe1 cxd4 10. Bxd4 Nxd4 11. Nxd4 Bb4 12. Rb1 (12. Ndb5 Ba5 13. Rb1 Qxc2 14. Rc1
{Caruana,F (2801)-Vachier Lagrave,M (2768) Sinquefield Cup 2nd 2014 (2) 1-0})
12... Bxc3 13. Rxb2 Bxe1 14. Rxe1 b6 15. h4 h5 {Motylev,A (2705)-Belov,V (2619)
RUS-chT 17th 2010 (8) 1/2} (15... h6 16. Bb5+ (16. c4) 16... Kf8 17. Nxf5 exf5
18. c4 $32 {[%csl Rf8]})) 6... Nc6 7. c3 Bg6 8. Be3 (8. a3 cxd4 9. cxd4 Nge7
10. b4 Nc8 11. Nbd2 Nb6 12. Bb2 Be7 13. Ne1 f6 14. h4 fxe5 15. h5 Be4 16. dxe5
O-O 17. Qb3 Nc4 18. Nxc4 dxc4 19. Bxc4 Kh8 20. Rd1 Qb6 21. Bxe6 Rad8 22. h6 Nd4
23. hxg7+ Kxg7 24. Qe3 Nxe6 25. Qxe4 Rf4 26. Qe2 Rdf8 27. Rd7 R4f7 28. Rd6 {
1-0 (28) Bologan,V (2687)-Eljanov,P (2704) Sochi 2012}) 8... Qb6 9. b4 $5 {
Quelques jours plus tard, les Blancs vont tenter d'améliorer la position avec
le coup plus solide "b3"} (9. b3 Nh6 10. dxc5 Bxc5 11. Bxh6 gxh6 12. b4 Bf8 13.
b5 Ne7 14. Nbd2 Bg7 15. c4 O-O 16. Qb3 Rfc8 17. Rfe1 Qc5 18. Qb2 dxc4 19. Bxc4
Nd5 20. Rac1 Qb4 21. Qa1 Rc5 22. a3 Qa4 23. Bf1 Bf8 24. Nd4 Rxc1 25. Rxc1 Qxa3
26. Nc4 Qxa1 27. Rxa1 Bb4 28. Nb3 Bc3 29. Ra3 Nc7 30. Nd6 b6 31. f4 Nd5 32. g3
Bb4 33. Ra1 Bc2 34. Nc1 Bc5+ 35. Kh1 Ne3 36. Bd3 Bxd6 37. exd6 Rd8 38. Rxa7
Bxd3 {Arakhamia Grant,K (2451)-Eljanov,P (2761) Khanty-Mansiysk 2010 0-1}) 9...
cxb4 10. c4 Nge7 11. c5 $44 Qa5 12. Nh4 {[%cal Gf2f4,Gf4f5]} Nf5 13. Nxf5 Bxf5
14. Nd2 {Un coup naturel mais qui laisse un peu de répit aux Noirs} (14. g4 $1
{Un ordre de coups qui parait plus précis} Bg6 (14... Be4 15. f3) 15. f4 {
[%cal Gf4f5]} Be4 16. Nd2 $36 {[%csl Re4]}) 14... Be7 15. g4 Bg6 16. f4 f5 17.
g5 h6 $1 {[%csl Rg1]} 18. h4 hxg5 19. hxg5 Rh3 $36 (19... Rh7 {[%cal Ge8c8,
Ga8h8]}) 20. Rf3 Rh7 21. Rg3 Kd7 (21... O-O-O {[%cal Gd8h8]}) 22. Bf3 Rah8 {
Les pièces Noires sont maintenant mieux coordonnées et les compensations
Blanches sont insuffisantes.} 23. Bg2 Bh5 24. Qf1 Rc8 25. Nb3 Qa4 26. Qd3 Kd8
27. Bxd5 $1 exd5 28. Qxf5 g6 29. Qe6 $13 {[%csl Ra4] Malheureusement pour les
Blancs, la Qe6 manque de soutien dans l'attaque} Kc7 30. Qxd5 Be2 $1 31. Qg2
Bc4 32. Rc1 Bxb3 33. axb3 Qxb3 34. d5 {[%cal Gd5d6,Gg3b3]} Rch8 35. dxc6 Rh1+
36. Qxh1 Rxh1+ 37. Kxh1 Qd5+ $1 {La Q Noire s'est enfin centraliser et la
position Blanche va s'écrouler en quelques coups} 38. Kh2 Kxc6 39. Rf1 b3 $19
40. f5 Qxe5 41. fxg6 b2 42. Rb1 a5 43. Bf2 a4 44. g7 Qxg7 45. Kg1 a3 46. Rxa3
Qg6 47. Rxb2 Qxg5+ 0-1

[Event "Astrakhan FIDE GP"]
[Site "Astrakhan"]
[Date "2010.05.17"]
[Round "7"]
[White "Inarkiev, Ernesto"]
[Black "Eljanov, Pavel"]
[Result "0-1"]
[WhiteElo "2669"]
[BlackElo "2751"]
[Annotator "Postny,E"]
[PlyCount "100"]
[EventDate "2010.05.10"]
[EventType "tourn"]
[EventRounds "13"]
[EventCountry "RUS"]
[EventCategory "20"]
[SourceTitle "CBM 137"]
[Source "ChessBase"]
[SourceDate "2010.07.15"]
[SourceVersion "1"]
[SourceVersionDate "2010.07.15"]
[SourceQuality "1"]

1. e4 c6 2. d4 d5 3. e5 Bf5 4. Nf3 e6 5. Be2 c5 6. Be3 Qb6 7. Nc3 {This move
used to be a source of worry for Black for the last several years. However, it
seems that lately Black managed to find decent counter ideas} ({Another
aggressive move} 7. c4 {proved to be not so frightening for Black is view of}
Qxb2 8. Nbd2 Ne7 $1 {Protecting the Pd5.}) 7... Qxb2 ({The alternatives} 7...
Nc6) ({and} 7... c4 {appeared in practice as well, but the move in the text is,
obviously, the main test for the whole line.}) 8. Qb1 $1 {This discovery of
Bologan came as a real shock for Caro-Kann fans some years ago. After the pawn
sacrifice it seems illogical to offer the exchange of queens. In fact, White
can use the b-file and get an initiative also after the queen swap.} (8. Nb5 c4
$1 (8... Na6 $6 9. dxc5 Bxc2 10. Qd4 Qxd4 11. Nfxd4 Ba4 12. Nd6+ Bxd6 13. cxd6
$16) 9. Rb1 Qxc2 10. Qxc2 Bxc2 11. Rb2 Ba4 12. Nc7+ Kd7 13. Nxa8 Kc8 {At the
moment Black is a full rook down, but the knight will be captured and Black's
massive pawns on the queenside guarantee him good play.} 14. Bd1 Bc6 15. a4 Ba3
16. Rb1 Nd7 17. a5 Be7 18. Bg5 h6 19. Bd2 Kb8 20. Nb6 axb6 21. axb6 Bd8 22. Ba5
Ne7 23. Bc2 Nc8 24. O-O Bxb6 $17 {0-1 Qin Kanying (2375)-Karpov,A (2735)/
Beijing 1998/EXT 1999 (48)}) 8... Qxb1+ 9. Rxb1 c4 {Black has to close the
centre at the cost of the Pb7.} (9... b6 $2 10. dxc5 bxc5 11. Rb7 $1 d4 12.
Bxd4 $3 {An excellent piece sacrifice!} cxd4 13. Nxd4 Nd7 14. Bb5 O-O-O 15.
Rxa7 Nb8 16. Nxf5 exf5 17. Na4 $1 Rd4 18. O-O {White has a furious initiative.}
Ne7 19. c3 Rd2 20. Nb6+ Kd8 21. Nc4 Rd5 22. Nd6 $18 {1-0 Baklan,V (2647)
-Rasmussen,K (2486)/Plovdiv 2008/CBM 124 (36)}) 10. Rxb7 Nc6 11. Kd2 (11. Nb5
Rb8 $6 (11... Nd8 $1 12. Rxa7 Rxa7 13. Nxa7 Bxc2 14. Kd2 Bg6 15. Kc3 Ne7 16.
Nh4 Ndc6 17. Nxg6 hxg6 18. Nxc6 Nxc6 {is an improvement for Black.}) 12. Rxb8+
Nxb8 13. Kd2 a6 14. Na7 $1 Kd7 15. Rb1 Kc7 16. Ng5 Nh6 $2 (16... Bg6 17. Bg4 $1
$16 {[%csl Re6][%cal Gg4e6]}) 17. g4 $1 Bg6 18. Kd1 $1 $18 {[%cal Ge3d2,Gd2a5]
1-0 Bologan,V (2673)-Palo,D (2510)/Skanderborg 2003/CBM 098 (33)}) 11... Bb4
12. Rb1 Ba5 {The pin along the diagonal a5-e1 is very annoying for White, so
he must play very aggressively and concretely before Black completes his
development.} 13. g4 $2 {Such measures are called for, but it falls short.} (
13. Nh4 Nge7 14. g4 Bg6 15. f4 (15. Bg5 $2 Nc8 $17 {threatening Nc8-b6-a4,
also trapping the white rook.}) 15... h5 16. Nxg6 (16. g5 {looks
anti-positional at first sight, but maybe White can keep the balance this way.
At any price White must prevent the black knight coming to f5.}) 16... fxg6 17.
h3 O-O-O $15) (13. Ng1 $5 {Yes, in fact this move makes sense, even though it
contradicts White's previous play.} Nge7 14. Bf3 Bg6 15. Nge2 Nf5 {with
approximate equality. Here at least White will be able to move his king away
from the pin and develop his play normally.}) 13... Bxg4 14. Rxf7 (14. Ng5 $2
Bxe2 15. Nxf7 Bh5 16. Nxh8 Nge7 $19 {The Nh8 is doomed, so Black is winning.})
14... Bxf3 $1 (14... Kxf7 $2 {would fall into White's neat idea.} 15. Ng5+ Ke7
16. Bxg4 Nd8 17. Rb5 $16 {White has too much for the sacrificed exchange.}) 15.
Rxf3 Nge7 $17 {White doesn't have any initiative anymore. Meanwhile, the pin
along the diagonal a5-e1 and the d4 weakness are permanent and currently
dominant factors in the position.} 16. Rg1 Rg8 {Playing it safe.} (16... Nf5 {
I suppose that Pavel was concerned about the exchange sacrifice} 17. Rxf5 exf5
18. Rxg7 {but it seems insufficient. After} O-O-O {I don't see any reasonable
continuation for White.}) 17. Rh3 $6 {The threat to Ph7 is imaginary. White's
only practical chance would have been to make some waiting move, and then to
sacrifice an exchange when Black's knight will appear on f5.} (17. Rb1 Nf5 18.
Rxf5 exf5 19. Rb5 O-O-O $17) 17... Nf5 18. Bg4 (18. Rxh7 Ncxd4 19. Bh5+ Kd7 20.
Bxd4 Nxd4 21. Rhxg7+ Rxg7 22. Rxg7+ Kc6 $19) (18. Rg4 {is not a solution.
White protects the pawn, but after the simple} h6 {there is very little White
can do against the manoeuvre Ra8-b8-b2.}) 18... Ncxd4 19. Bxd4 Nxd4 20. Kc1
Bxc3 21. Rxc3 Ke7 {White's position is lost as all his pawns are weak. Black's
central pawn chain is very strong.} 22. f4 g6 23. Rh3 Rg7 24. Kd2 Rf7 25. Rb1
Rd8 (25... h5 26. Bd1 Rxf4 27. Rg3 {would give White unnecessary chances.}) 26.
c3 Nc6 27. Ke3 h5 28. Be2 Kf8 $1 {Setting free the e7-square for the knight.}
29. Rg3 Ne7 30. Rgg1 d4+ $1 {The decisive breakthrough.} 31. cxd4 Nd5+ 32. Kd2
Nxf4 (32... c3+ 33. Kc2 Rxf4 $19 {would have been more precise.}) 33. Bxc4
Rxd4+ 34. Kc3 Rd8 35. Kb4 Kg7 36. Rgd1 Rc8 37. Bb3 Rb7+ 38. Ka5 Rc5+ 39. Ka6
Rf7 40. Rd6 Rxe5 41. Rbd1 Re2 {With two extra pawns Eljanov is cruising to a
win.} 42. Rd7 Rxh2 43. Kxa7 Rb2 44. Rxf7+ Kxf7 45. Kb6 g5 46. Kc5 h4 47. Kb4
Nd5+ 48. Kc5 h3 49. Bxd5 exd5 50. Kxd5 Re2 {An important game for theory.} 0-1

[Event "Corus"]
[Site "Wijk aan Zee"]
[Date "2003.01.16"]
[Round "5"]
[White "Anand, Viswanathan"]
[Black "Karpov, Anatoly"]
[Result "1-0"]
[WhiteElo "2753"]
[BlackElo "2688"]
[Annotator "Lukacs,P"]
[PlyCount "87"]
[EventDate "2003.01.11"]
[EventType "tourn"]
[EventRounds "13"]
[EventCountry "NED"]
[EventCategory "18"]
[SourceTitle "CBM 093"]
[Source "ChessBase"]
[SourceDate "2003.04.01"]
[SourceVersion "1"]
[SourceVersionDate "2003.04.01"]
[SourceQuality "1"]

1. e4 c6 2. d4 d5 3. e5 Bf5 4. Nc3 e6 5. g4 Bg6 6. Nge2 Ne7 7. f4 c5 8. Ng3 $5
{[%mdl 8]} (8. h4 $6 h5 $1 {- Topalov-Bereev, Candidats semifinal Dortmund
2002 CBM 90}) (8. dxc5 Nec6 9. Be3 (9. f5 $6 exf5 10. Qxd5 {gives finally
Black the lead of development!} Na6 $5 (10... fxg4 11. Qxd8+ (11. Bf4 Bxc2 12.
Qxd8+ Kxd8 13. Rc1 Bg6 14. Bg2 Nd7 $15 {and White has no real compensation for
the P.}) 11... Kxd8 12. Be3 Nxe5 13. O-O-O+ Kc8 14. Bg2 {Here White's lead of
development looks more dangerous than before.} Na6 15. Rd5 f6 $1 (15... Nd7 16.
Rhd1 Bxc5 17. Bxc5 Ndxc5 18. Nb5 $14) 16. Rhd1 Be7 $13) 11. Qxd8+ Rxd8 $13 {
and Black's pieces are more active.}) 9... Nd7 (9... Na6 10. Nd4 Nxc5 11. Bb5
Qd7 12. Rf1 {/\ f5 to put an end to the career of the B.} h5 13. f5 Bh7 14. h3
a6 15. Bxc6 bxc6 16. Qf3 $14 {B.Thipsay-J.Goldberg, GBR-chTorquay 2002}) 10.
Ng3 Ndxe5 $1 {This is the typical counterblow in the [+] followed by d4.} (
10... d4 11. Bxd4 Bxc2 12. Qxc2 Nxd4 13. Qa4 Bxc5 14. O-O-O $14 {with nasty
pins on the d <->.}) (10... Bxc5 $6 11. Bxc5 Nxc5 12. f5 $16) 11. Nb5 $1 (11.
fxe5 d4) 11... a6 (11... d4 12. Bd2 $1 Bxc5 (12... a6 13. Nd6+ $16) 13. fxe5
Nxe5 14. Qe2 f6 15. Ne4 $14 {Black has no real compensation for the sacrificed
N.}) 12. Nd6+ Bxd6 13. cxd6 Nc4 14. Bxc4 dxc4 15. O-O $14 {/\ f5 and the d o^
is strong.}) 8... cxd4 (8... h6 9. f5 Bh7 $1 (9... exf5 {opens up the position
for White after the zwischenzug} 10. Nb5 Nec6 11. gxf5 $16) 10. dxc5 (10. Nb5
Nec6 11. c3 (11. fxe6 fxe6 12. c3 a6 $15) 11... a6 $15 {and the N manoeuvre
has failed.}) 10... Nec6 11. g5 hxg5 {Black has to react on this advance.} (
11... Qc7 {allows further advance by} 12. g6 $1 (12. Nb5 Qxe5+ 13. Qe2 Qxe2+
14. Bxe2 Na6 15. fxe6 fxe6 $13) 12... fxg6 (12... Qxe5+ 13. Qe2 fxg6 14. fxe6 {
- 12...fg}) 13. fxe6 {temporarily entombing the h7 P and ruining Black's [+].}
Bxc5 $5 (13... Qxe5+ 14. Qe2 Bxc5 15. Qxe5 Nxe5 16. Nxd5 Nf3+ (16... O-O 17.
Ne4 $18) 17. Kd1 O-O (17... Bd6 18. Bg2 $1 Nxh2 (18... Nh4 19. Nf6+ gxf6 20.
Bxb7 $18) 19. Bf4 $18 {and Black's pieces on the h <-> look really pathetic.})
18. e7 $18) 14. Qxd5 Qxe5+ (14... Nb4 15. Bb5+ N8c6 16. Qxc5 Nxc2+ 17. Kd1 $16
(17. Kf2 O-O-O)) (14... Nd4 15. Bd3 $18) 15. Nge4 $16 {with well-centralized
pieces.}) 12. fxe6 fxe6 13. Qh5+ g6 14. Qg4 $14) 9. Nb5 Nec6 10. f5 Bc5 $5 (
10... a6 11. Nd6+ $5 Bxd6 12. exd6 Qxd6 {is met by the cold-blooded} 13. Bg2 $1
{because the B cannot run away.} (13. fxg6 hxg6 14. Be2 (14. Bg2 $2 Rxh2 $1)
14... Nd7 15. O-O e5 $44)) 11. Nd6+ (11. fxg6 hxg6 12. Bf4 a6 13. Nd6+ Bxd6 14.
exd6 e5 {and Black's mighty P [+] advances.} 15. Qe2 Qxd6 16. O-O-O Nd7 17. Bg2
O-O-O $13) 11... Bxd6 12. exd6 Qxd6 13. Bg2 $1 (13. fxg6 $6 {is again
premature in view of the aforementioned} hxg6 14. Bg2 $2 Rxh2 $1) 13... f6 $5 (
13... Qe5+ $6 14. Qe2 Nd7 15. fxg6 hxg6 16. O-O $14 {and although Black has
three pawns for the piece, White's ^^ has the future.}) (13... Nd7 14. fxg6
hxg6 15. O-O f6 {- 13...f6}) 14. fxg6 hxg6 15. O-O Nd7 16. Rf2 (16. Qe2 O-O-O
$13) 16... O-O-O $13 {Black's P formation in the [+] has an enormous potential.
} 17. c3 dxc3 18. bxc3 Nb6 (18... Nde5 $5 {deserves attention as well.} 19. Be3
(19. Bf4 g5) 19... Nc4 $13) 19. Nf1 {The position is extremely complicated
with chances for both sides.} Rd7 $6 {This looks a bit slow.} (19... Nc4 20. h3
Qc5 $13) (19... g5 20. h3 Kb8 21. Rb1) 20. h3 f5 21. Rb1 Rf8 (21... Nc4 22. Ne3
$14) 22. Qb3 Rff7 {Black holds the position, but this strategy allows White to
improve his position step by step.} 23. Qc2 Rc7 24. Qd3 Na4 25. Bf4 {provoking
a weakening move, after which the weakness of the long /^ begins to tell.} e5
26. Bh2 (26. Be3 f4) 26... f4 (26... Rcd7 27. Ne3 $14) 27. Qxd5 Qxd5 28. Bxd5
Rfe7 $2 {Now White can fully consolidate his position.} (28... Nxc3 29. Bxf7
Nxb1 30. Bxg6 Nc3 {gave more practical chances, although after} 31. Kg2 $14 {
White's chances are still preferable.}) 29. c4 (29. Rc2 Na5 (29... Nd4 $2 30.
cxd4 Rxc2 31. Bb3 $18) 30. Rbc1 (30. c4 Nc6 $1) 30... Nc5 $16) 29... Nd4 30.
Nd2 (30. Re1 Nc5 31. Rd2 $16 {deserved attention and the N comes only later.})
30... Nc3 31. Re1 b5 $2 (31... Nc2 {was the best chance, for example:} 32. Rc1
Nxd5 33. Rxc2 (33. cxd5 Ne3) 33... Ne3 34. Rc1 Red7 $14) 32. Ne4 $16 Nxe4 (
32... Nxd5 33. cxd5 Red7 34. d6 Rc4 35. Ng5 $1 Rc5 36. Kf1 $18) 33. Rxe4 {
and White has gained a permanent control over the light squares.} g5 (33... Rc5
34. Bxf4 bxc4 35. Bg5) 34. cxb5 Nxb5 35. Re1 (35. Rb4 Nc3 36. Be4 {controls
the vital >< e4.} Rc5 (36... a5 37. Bf5+) 37. Rfb2 $16) 35... Nc3 36. Bb3 (36.
Be4 {is now met by} Rc4 {and White cannot hold >< e4.}) 36... a5 (36... e4 37.
h4 $1 {>< f4}) 37. Kf1 $1 {/\ Bg1 bringing finally the ^^ into action.} (37.
Bc2 e4 38. h4 e3 39. Bf5+ Kd8 40. Rb2 $16) 37... a4 38. Bc2 Kb7 39. Bf5 (39.
Be4+ $16) 39... a3 40. Rc2 Rc6 (40... Rc4 41. Bg1 e4 42. Rec1 Rec7 43. Bf2 $18)
41. Bg1 $1 $18 Rc4 42. Bf2 e4 43. Rec1 Rec7 44. Be1 1-0

[Event "Corus"]
[Site "Wijk aan Zee"]
[Date "2003.01.21"]
[Round "9"]
[White "Grischuk, Alexander"]
[Black "Bareev, Evgeny"]
[Result "0-1"]
[WhiteElo "2712"]
[BlackElo "2729"]
[Annotator "Lukacs,P"]
[PlyCount "76"]
[EventDate "2003.01.11"]
[EventType "tourn"]
[EventRounds "13"]
[EventCountry "NED"]
[EventCategory "18"]
[SourceTitle "CBM 093"]
[Source "ChessBase"]
[SourceDate "2003.04.01"]
[SourceVersion "1"]
[SourceVersionDate "2003.04.01"]
[SourceQuality "1"]

1. e4 c6 2. d4 d5 3. e5 Bf5 4. Nc3 e6 5. g4 Bg6 6. Nge2 c5 7. h4 h5 8. Nf4 Bh7
(8... Nc6 9. Nxg6 fxg6 10. Ne2 Qb6 (10... cxd4 {Grischuk-Ehlvest, FIDE k.o.
2000 CBM 77}) 11. Nf4 cxd4 12. Bd3 (12. Nxg6 {- Morozevich-Bareev, Bosna Super
GM Sarajevo 2000 CBM 77}) 12... Nxe5 13. Nxg6 Nxg6 14. Bxg6+ Kd7 15. gxh5 Bb4+
$17 {Zhang Pengxiang-Khalifman, CHN-RUS Summit Men 2001 CBM 85}) 9. Nxh5 (9. g5
{- Arizmendi Martinez-Piankov, Ciudad de Ubeda op 2000 CBM 75}) (9. Bb5+ Nc6
10. Nxh5 cxd4 11. Qxd4 Nge7 {- 9.Nh5 Nc6 10.Bb5}) 9... cxd4 (9... Nc6 10. dxc5
(10. Bb5 cxd4 11. Qxd4 Nge7 12. Bh6 {is answered by the cold-blooded} (12. Bg5
{White has a big lead of development, but the [+] is closed and Black can free
himself from the pins.} a6 (12... Bxc2 13. Rc1 Qd7 $1 {looks even more
suspicious, but according to Kallai Black has nothing to fear!}) 13. Bxc6+ (13.
Bxe7 axb5 14. Bxd8 Nxd4 15. O-O-O Nxc2 16. Bf6 Rc8 17. Bxg7 Bxg7 18. Nxg7+ Kf8
19. Nh5 Nb4 20. Rh3 Nc6 $15 {and Black will gain back the material, Llobel
Cortell-Gustafsson, Open Andorra la Vella 2002.}) 13... Nxc6 14. Qa4 (14. Qd2
Qc7 $15) (14. Qf4 Qc7 15. O-O Bg6 16. Rfe1 Bxh5 17. gxh5 Rxh5 $17 {
successfully blockading the light squares, Holmsten-Hansen, Rilton Cup
Stockholm 1998.}) 14... b5 15. Qf4 Qc7 16. O-O (16. O-O-O $2 b4) 16... Bg6 17.
Ng3 Qxe5 18. Qd2 Bc5 $15 {and Black grabs the |^ all over the board,
Orso-Kallai, HUN-ch k.o. Budapest}) 12... Rg8 $1 13. O-O-O a6 {and White
cannot hold his active position.} 14. Bxc6+ Nxc6 15. Qf4 (15. Qe3 Qa5) 15...
Qa5 16. Qa4 $1 (16. Rhe1 Nb4 $1 17. a3 Rc8 $1 {and suddenly Black's
counterattack crashes through.} 18. axb4 Qa1+ 19. Kd2 Qxb2 $19 {Chapman-Rogers,
Australien Open 1999}) (16. Kb1 Nb4 17. Rc1 Rc8 $1 18. a3 Nxc2 19. Rxc2 Rxc3 $1
$19 {A.David-Kallai, France 1999}) 16... Qxa4 17. Nxa4 gxh6 18. Nf6+ Ke7 19.
Nxh7 Nxe5 $5 (19... Rxg4 20. Nb6 Rd8 21. Nf6 Rf4 22. Ng8+ Ke8 23. Nf6+ $11) 20.
g5 Ng4 {/\ Rh8 Kallai}) 10... Bxc5 11. Bb5 (11. Bg2 {- Grischuk-Bareev, FIDE
GP Moscow rapid 2002 CBM 90}) (11. Bd3 $6 Bxd3 12. Qxd3 (12. cxd3 {McShane})
12... g6 $1 $15 {Nataf-N.P.Nielsen , North Sea Cup Esbjerg 2001 CBM 85}) 11...
Qc7 12. Bxc6+ (12. Bf4 $2 {- Kobalija-Macieja, EUCup Halkidiki 2002 CBM 92})
12... Qxc6 {- Topalov-Gelfand, Candidats Tournament Dortmund 2002 CBM 90}) 10.
Nb5 Nc6 (10... Be4 $5 11. Rh3 Nc6 12. Nxd4 Nxe5 $5 {- Antal-Flumbort, Budapest
2002 CBM 89}) 11. Nxd4 Nge7 (11... Nxd4 $6 {- Shirov-Yermolinsky, Wijk aan Zee
1999 CBM 89}) 12. Rh3 {This is the last cry in the fashion.} (12. c3 a6 {
- Shomoev-Galkin, RUS-ch Krasnodar 2002 CBM 91} (12... Nxe5 {-
Grischuk-Seirawan, FIDE GP Moscow rapid 2002 CBM 90})) (12. Bb5 $6 a6 $1 13.
Ba4 (13. Nxc6 Nxc6) 13... b5 14. Bb3 Nxd4 15. Qxd4 Nc6 16. Qe3 Qc7 17. O-O Na5
18. Qe2 Nxb3 19. axb3 Qxc2 $17 {Svetushkin-Piankov, Ciudad de Ubeda op 2000})
12... a6 (12... Nxe5 $5) 13. Bg5 Qb6 $1 {Black's defence is on the top!} (13...
Nxe5 {is strongly met by} 14. Nf6+ $1 gxf6 15. Bxf6 N5g6 (15... Qa5+ 16. c3)
16. h5 Rg8 17. hxg6 Bxg6 18. c3 $14) (13... Qa5+ 14. c3 Nxe5 15. Bxe7 Bxe7 16.
Nxg7+ Kf8 17. Ngxe6+ $1 fxe6 18. f4 $44 {with good attacking chances for White.
}) 14. Nxc6 Nxc6 {other captures are clearly worse:} (14... bxc6 $2 15. Rb3 Qc7
16. f4 $16) (14... Qxc6 $2 15. Bxe7 Bxe7 16. Nxg7+ Kf8 17. Nh5 $16) 15. Bd3 $2
{Now Black gets the upper hand.} (15. Rb3 {was the last chance fishing in
troubled waters.} Qd4 $1 {is the precise answer.} (15... Qc5 16. c3 $1 Nxe5 (
16... Na5 17. Rxb7 $1 Qc6 18. Rb4) 17. Nf6+ gxf6 18. Bxf6 $16 {with the same
motif again.}) 16. f4 Qe4+ 17. Kf2 Bg6 (17... Bc5+ 18. Kg3 Kf8 19. Bg2 Qc4 20.
Rc3 $13) 18. Rxb7 $13) 15... Bxd3 (15... Qxb2 $17 {was simple and good.}) 16.
Rxd3 Qb4+ (16... Qxb2 $17) 17. c3 Qe4+ (17... Qxb2) 18. Re3 Qg2 (18... Qh1+ 19.
Kd2 Qxd1+ 20. Rxd1 $16 {keeping the extra P.}) 19. Rc1 Qg1+ (19... d4 $5) 20.
Kd2 Qxf2+ {Now Black gets back the P with a better position.} 21. Re2 (21. Qe2
Qxe2+ 22. Rxe2 Rh7 $15 {and White's P structure is a bit weakened in the _|_.})
21... Qc5 22. Qa4 Rc8 (22... b5 $17 {was also possible.}) 23. Rf1 Rc7 (23... d4
) 24. Kc1 d4 (24... b5 25. Qxa6 Nd4 $1 $17) 25. Rd1 Rd7 26. Red2 (26. Kb1 dxc3
27. Rxd7 Kxd7 28. Rc2 Qxe5 29. Rxc3) 26... Qxe5 27. cxd4 Qe4 $19 {and White's
pieces lack any of harmony. It is interesting that Black still hasn't
developed his >>!} 28. Rc2 f6 29. Bd2 (29. Bxf6 Rxh5 $1 $19) 29... b5 30. Qxa6
Nxd4 31. Rc8+ Kf7 32. Ng3 Qxg4 33. Rg1 Ne2+ 34. Nxe2 Qxe2 35. Rd1 Bb4 $1 {
This is not a bad developing move, it's better later than never.} 36. Qc6 Bxd2+
37. Kc2 Ba5+ 38. Kb3 Qxd1+ 0-1